| 000 | 00386nam a22001451a 4500 | ||
|---|---|---|---|
| 082 |
_aM300 7 _bVIJ/M |
||
| 100 |
_aVijayan M N _958032 |
||
| 245 |
_aMarubhoomikal pookkumbol/ _cby Vijayan M N |
||
| 260 |
_aCalicut: _bPappiyon, _c1999. |
||
| 300 | _a98p. | ||
| 650 |
_aNovel Malayalam Study _958033 |
||
| 650 |
_aLiterature Malayalam _958034 |
||
| 650 |
_aLiterature _958035 |
||
| 942 | _cBK | ||
| 999 |
_c138879 _d138879 |
||